The Restoration of the Jews : Early Modern Hermeneutics, Eschatology, and National Identity in the Works of Thomas Brightman /

Análisis de la vida y obra del teólogo bíblico puritano Thomas Brightman (1562-1607), que se enfoca en sus estrategias de exégesis y hermenéutica del Apocalipsis.

Guardado en:
Bibliografiske detaljer
Hovedforfatter: Crome, Andrew (autor)
Format: Bog
Sprog:engelsk
Udgivet: Cham, Suiza : Springer, 2014, c2014
Serier:(International Archives of the History of Ideas ; 213)
Fag:
Online adgang:Ver documento en línea
Tags: Tilføj Tag
Ingen Tags, Vær først til at tagge denne postø!

MARC

LEADER 00000nam^a2200000^a^4500
001 000420350
005 20251023000000.0
009 20260310122508.852
020 |a 978-3-319-04762-1 
037 |a Acervo ITESO - Biblioteca 
041 |a ING 
082 |a 285. 2092  |b CRO 
100 |a Crome, Andrew  |e (autor) 
245 1 4 |a The Restoration of the Jews :  |b Early Modern Hermeneutics, Eschatology, and National Identity in the Works of Thomas Brightman /  |c A. Crome. 
264 4 |a Cham, Suiza :  |b Springer,  |c 2014, c2014 
264 2 |a Cham, Suiza :  |b Springer Link [distribución],  |c 2014 
300 |a 1 libro electrónico en línea (XIII, 242 p.) 
300 |a 1 recurso en línea 
336 |a datos para computadora  |b cod  |2 rdacontenido 
337 |a computadora  |b c  |2 rdamedio 
338 |a recurso en línea  |b cr  |2 rdasoporte 
440 1 |a (International Archives of the History of Ideas ;  |v 213) 
506 0 |a Licencias ilimitadas 
520 |a Análisis de la vida y obra del teólogo bíblico puritano Thomas Brightman (1562-1607), que se enfoca en sus estrategias de exégesis y hermenéutica del Apocalipsis. 
649 |a XX 
650 |a Ministros Religiosos Ingleses -  |x Tema Principal 
650 |a Religiosos Ingleses -  |x Tema Principal 
650 |a Puritanos -  |z Inglaterra -  |x Tema Principal 
650 |a Iglesia Presbiteriana 
650 |a Biblia -  |x Nuevo Testamento -  |x Apocalipsis -  |x Historia y Crítica 
650 |a Biblia -  |x Hermenéutica -  |x Tema Principal 
650 |a Escatología (Filosofía) 
650 |a Teología 
650 |a Calvinismo 
650 |a Protestantismo 
650 |a Cristianismo 
650 |a Religión 
650 |a Brightman, Thomas -  |x Tema Principal 
856 4 0 |u https://link-springer-com.ezproxy.iteso.mx/10.1007/978-3-319-04762-1  |y Ver documento en línea 
910 |a Fondo General 
920 |a Electrónicos - Libros en Línea 
930 |a Plataforma Digital 
905 |a 205 
901 |a 420350-1  |b IT2  |c EBO  |i C172346  |u 20250521 
902 |a https://opac.biblio.iteso.mx/vufind/Record/000420350